[Event "Remote 7er 0092 email"]
[Site "Remote email"]
[Date "2012.09.16"]
[Round "?"]
[White "Paz y Barriga, Gustavo"]
[Black "Grimm, Wolfgang"]
[Result "1-0"]
[WhiteElo "2097"]
[BlackElo "1992"]
[PlyCount "49"]
[EventDate "2012.??.??"]
[EventType "tourn (corr)"]
[EventRounds "6"]
[EventCountry "GER"]
[SourceTitle "Corr 2015"]
[Source "ChessBase"]
[SourceDate "2015.07.17"]
[SourceVersion "1"]
[SourceVersionDate "2015.07.17"]
[SourceQuality "1"]

1. e4 Nc6 2. d4 d5 3. Nc3 Nf6 4. exd5 Nb8 5. Bf4 Nxd5 6. Nxd5 Qxd5 7. Bxc7 Na6 8. Bg3 Bf5 9. c3 h5 10. Nf3 Rh6 11. Be2 0-0-0 12. 0-0 Be4 13. Ne5 h4 14. Bc4 hxg3 15. Bxd5 gxh2+ 16. Kh1 Bxd5 17. c4 Be6 18. d5 f6 19. Qf3 fxe5 20. dxe6 Nc7 21. Rad1 Rxd1 22. Rxd1 Nxe6 23. Qf7 Kc7 24. Qe8 Nd4 25. Qxf8 1-0

[Event "Remote 7er 0091 email"]
[Site "Remote email"]
[Date "2012.07.30"]
[Round "?"]
[White "Valverde Lopez, Mario"]
[Black "Paz y Barriga, Gustavo"]
[Result "1-0"]
[WhiteElo "2055"]
[BlackElo "2063"]
[PlyCount "73"]
[EventDate "2012.??.??"]
[EventType "tourn (corr)"]
[EventRounds "6"]
[EventCountry "GER"]
[SourceTitle "Corr 2015"]
[Source "ChessBase"]
[SourceDate "2015.07.17"]
[SourceVersion "1"]
[SourceVersionDate "2015.07.17"]
[SourceQuality "1"]

1. Nc3 Nf6 2. d4 d5 3. Bg5 Nc6 4. e3 Ne4 5. Nxe4 dxe4 6. Bf4 Bf5 7. Ne2 e6 8. Nc3 Bd6 9. d5 exd5 10. Qxd5 Qf6 11. Bxd6 0-0-0 12. Bc4 Rxd6 13. Qxf7 Nb4 14. 0-0 Nxc2 15. Qxf6 Rxf6 16. Rad1 Nb4 17. h3 a6 18. a3 Nc6 19. Bd5 Re8 20. g4 Bg6 21. Kg2 h5 22. Bxc6 Rxc6 23. Rd4 Rb6 24. Rb1 h4 25. Nd5 Rd6 26. Rc1 Kb8 27. Rc5 b6 28. Rb4 Bf7 29. Nc3 g6 30. a4 Kc8 31. Rg5 a5 32. Rxe4 Rd2 33. Rf4 Re7 34. e4 Rxb2 35. Nd5 Bxd5 36. exd5 Rg7 37. Rf6 1-0

[Event "Remote 7er 0090 email"]
[Site "Remote email"]
[Date "2012.05.14"]
[Round "?"]
[White "Valverde Lopez, Mario"]
[Black "Paz y Barriga, Gustavo"]
[Result "0-1"]
[WhiteElo "1931"]
[BlackElo "2029"]
[PlyCount "64"]
[EventDate "2012.??.??"]
[EventType "tourn (corr)"]
[EventRounds "6"]
[EventCountry "GER"]
[SourceTitle "Corr 2015"]
[Source "ChessBase"]
[SourceDate "2015.07.17"]
[SourceVersion "1"]
[SourceVersionDate "2015.07.17"]
[SourceQuality "1"]

1. d4 Nf6 2. g4 Nxg4 3. e4 d5 4. Be2 h5 5. exd5 Qxd5 6. Nf3 Nc6 7. Nc3 Qa5 8. d5 Qb6 9. 0-0 Nce5 10. Nxe5 Nxe5 11. Be3 Qf6 12. f4 Ng4 13. Bb5+ c6 14. dxc6 bxc6 15. Bd4 Qg6 16. Bd3 f5 17. Kh1 c5 18. Qf3 Rb8 19. Bxc5 Bb7 20. Bb5+ Kf7 21. Bc4+ e6 22. Bd5 Bxd5 23. Nxd5 Bxc5 24. b4 Bd6 25. Rad1 exd5 26. Qxd5+ Qe6 27. Qxd6 Qe4+ 28. Kg1 Ne3 29. Qc7+ Kg8 30. Rf2 Rb6 31. Rd8+ Kh7 32. Rxh8+ Kxh8 0-1

[Event "Remote 7er 0089 email"]
[Site "Remote email"]
[Date "2012.04.07"]
[Round "?"]
[White "Bonow, Valdir Maas"]
[Black "Paz y Barriga, Gustavo"]
[Result "0-1"]
[WhiteElo "2016"]
[BlackElo "2028"]
[PlyCount "102"]
[EventDate "2012.??.??"]
[EventType "tourn (corr)"]
[EventRounds "6"]
[EventCountry "GER"]
[SourceTitle "Corr 2015"]
[Source "ChessBase"]
[SourceDate "2015.07.17"]
[SourceVersion "1"]
[SourceVersionDate "2015.07.17"]
[SourceQuality "1"]

1. e4 e5 2. Nf3 Nc6 3. Bb5 Nf6 4. 0-0 Bc5 5. Nxe5 Nxe5 6. d4 a6 7. dxe5 axb5 8. exf6 Qxf6 9. Nc3 c6 10. e5 Qf5 11. Be3 Bxe3 12. fxe3 Qxe5 13. Qd4 Qxd4 14. exd4 d5 15. Rae1+ Be6 16. a3 0-0 17. Ne2 Rfe8 18. Nf4 Bf5 19. c3 Re4 20. Rxe4 Bxe4 21. Re1 f6 22. Kf2 Kf7 23. g4 g5 24. Ne2 Bg6 25. Ng3 Rh8 26. h3 b6 27. Re3 Re8 28. Rf3 Bc2 29. Nf5 Re6 30. Ne3 Be4 31. Rg3 Bg6 32. Rf3 h5 33. Nf5 Bxf5 34. Rxf5 hxg4 35. hxg4 Re4 36. Kf3 Ke6 37. b3 c5 38. dxc5 bxc5 39. a4 bxa4 40. bxa4 Re5 41. Rxe5+ fxe5 42. a5 Kd6 43. a6 Kc6 44. Ke3 Kb6 45. a7 Kxa7 46. Kd3 e4+ 47. Kd2 Ka6 48. Kc2 Kb5 49. Kd2 Ka4 50. Kc2 Ka3 51. Kd2 Kb3 0-1

[Event "Remote 7er 0089 email"]
[Site "Remote email"]
[Date "2012.04.07"]
[Round "?"]
[White "Paz y Barriga, Gustavo"]
[Black "Richter, Wolfgang"]
[Result "0-1"]
[WhiteElo "2028"]
[BlackElo "2355"]
[PlyCount "104"]
[EventDate "2012.??.??"]
[EventType "tourn (corr)"]
[EventRounds "6"]
[EventCountry "GER"]
[SourceTitle "Corr 2015"]
[Source "ChessBase"]
[SourceDate "2015.07.17"]
[SourceVersion "1"]
[SourceVersionDate "2015.07.17"]
[SourceQuality "1"]

1. e4 e6 2. Nf3 d5 3. exd5 exd5 4. d4 Nf6 5. Bd3 Be7 6. h3 0-0 7. 0-0 c5 8. dxc5 Bxc5 9. Nc3 Re8 10. Re1 Be6 11. a3 a6 12. Bf4 Nc6 13. Qd2 Rc8 14. Re2 Nh5 15. Bh2 h6 16. Rae1 Nf6 17. Kh1 Bd6 18. Bf4 Bxf4 19. Qxf4 Nh5 20. Qd2 Rf8 21. Nd1 Qf6 22. Ne5 Nf4 23. Re3 d4 24. Re4 Nxd3 25. Nxd3 Qg5 26. Qxg5 hxg5 27. Kh2 Bf5 28. R4e2 Bxd3 29. cxd3 f6 30. f3 Ne5 31. Nf2 Rfd8 32. Kg3 Ng6 33. Ne4 Kf7 34. Rd2 b6 35. a4 Rc7 36. b4 Nf4 37. h4 Nd5 38. hxg5 Nxb4 39. gxf6 gxf6 40. f4 Rc3 41. Rb1 a5 42. Nxc3 dxc3 43. Re2 Rxd3+ 44. Kg4 Rd4 45. Kf3 c2 46. Rc1 f5 47. g3 Rc4 48. Rd2 Rc3+ 49. Kf2 Kf6 50. Rd6+ Kf7 51. Rd2 Ra3 52. Rd7+ Kf6 0-1

[Event "Remote 7er 0089 email"]
[Site "Remote email"]
[Date "2012.04.07"]
[Round "?"]
[White "Paz y Barriga, Gustavo"]
[Black "Tortoza, Carlos Alberto"]
[Result "1-0"]
[WhiteElo "2028"]
[BlackElo "1554"]
[PlyCount "45"]
[EventDate "2012.??.??"]
[EventType "tourn (corr)"]
[EventRounds "6"]
[EventCountry "GER"]
[SourceTitle "Corr 2015"]
[Source "ChessBase"]
[SourceDate "2015.07.17"]
[SourceVersion "1"]
[SourceVersionDate "2015.07.17"]
[SourceQuality "1"]

1. e4 c5 2. Nf3 d6 3. Bc4 e6 4. d4 cxd4 5. Nxd4 Bd7 6. Nc3 a6 7. Qf3 b5 8. Bb3 b4 9. Nce2 Nc6 10. Nxc6 Bxc6 11. Nd4 Bb7 12. Ba4+ Ke7 13. Bg5+ f6 14. Be3 d5 15. Bc6 Qc7 16. exd5 Bxc6 17. Nxc6+ Kf7 18. dxe6+ Kxe6 19. Nd4+ Kf7 20. Qd5+ Kg6 21. Nf3 h6 22. Nh4+ Kh7 23. Qf5+ 1-0

[Event "Remote 7er 0087 email"]
[Site "Remote email"]
[Date "2012.01.16"]
[Round "?"]
[White "Ahrens, Gerhard"]
[Black "Paz y Barriga, Gustavo"]
[Result "1/2-1/2"]
[WhiteElo "2210"]
[BlackElo "2022"]
[PlyCount "122"]
[EventDate "2012.??.??"]
[EventType "tourn (corr)"]
[EventRounds "6"]
[EventCountry "GER"]
[SourceTitle "Corr 2015"]
[Source "ChessBase"]
[SourceDate "2015.07.17"]
[SourceVersion "1"]
[SourceVersionDate "2015.07.17"]
[SourceQuality "1"]

1. e4 c5 2. Nf3 Nc6 3. d4 cxd4 4. Nxd4 e5 5. Nb5 d6 6. c4 Be7 7. N1c3 a6 8. Na3 Nf6 9. Be2 Nd4 10. Nc2 Nxe2 11. Qxe2 Be6 12. 0-0 Rc8 13. Ne3 Qb6 14. b3 Qd4 15. Qc2 b5 16. Rd1 Qc5 17. Ncd5 bxc4 18. Nxe7 Kxe7 19. bxc4 Rhd8 20. Qd3 Ke8 21. Nd5 Qxc4 22. Nxf6+ gxf6 23. Qf3 Ke7 24. h3 Qc2 25. Rd3 Qc6 26. Ba3 f5 27. Qh5 fxe4 28. Rg3 h6 29. Qxe5 Qd5 30. Qf4 Rg8 31. Rb1 Rxg3 32. Qxg3 Kd7 33. Rb7+ Kc6 34. Rb2 Qd3 35. Bxd6 Rd8 36. Bf4 Qxg3 37. Bxg3 Rd3 38. Bf4 h5 39. Rb4 a5 40. Rxe4 Ra3 41. Re5 Rxa2 42. Rxh5 a4 43. h4 Ra1+ 44. Kh2 a3 45. Ra5 a2 46. h5 Rd1 47. Be5 Rd5 48. Rxd5 Kxd5 49. Ba1 Ke4 50. h6 Bf5 51. Kg3 Bg6 52. Kg4 Kd5 53. Bf6 Ke4 54. Kg5 Kd3 55. Kf4 Be4 56. Kg5 Bg6 57. Be5 Ke2 58. f4 Kf2 59. g3 Bh7 60. g4 Kf3 61. Ba1 Ke3 1/2-1/2

[Event "Remote 7er 0085 email"]
[Site "Remote email"]
[Date "2011.11.24"]
[Round "?"]
[White "Knoeppel, Bjoern"]
[Black "Paz y Barriga, Gustavo"]
[Result "1/2-1/2"]
[WhiteElo "1985"]
[BlackElo "2188"]
[PlyCount "96"]
[EventDate "2011.??.??"]
[EventType "tourn (corr)"]
[EventRounds "6"]
[EventCountry "GER"]
[SourceTitle "Corr 2015"]
[Source "ChessBase"]
[SourceDate "2015.07.17"]
[SourceVersion "1"]
[SourceVersionDate "2015.07.17"]
[SourceQuality "1"]

1. e4 e5 2. Nf3 Nc6 3. Bc4 Bc5 4. b4 Bxb4 5. c3 Ba5 6. d4 exd4 7. Qb3 Qf6 8. 0-0 Bb6 9. e5 Qf5 10. cxd4 Nge7 11. Ba3 Na5 12. Qa4 Nxc4 13. Qxc4 d5 14. exd6 cxd6 15. Bxd6 Be6 16. Qe2 Rd8 17. Bxe7 Kxe7 18. Nc3 Bxd4 19. Nxd4 Rxd4 20. Qb2 Rd7 21. Qa3+ Kf6 22. Rae1 Kg6 23. Ne4 h6 24. Nc5 Rd2 25. Nxe6 fxe6 26. Qxa7 Rf8 27. a4 Qd5 28. Qb6 Rf6 29. Qb1+ Qf5 30. Qe4 Ra2 31. f4 Rb2 32. g3 Qxe4 33. Rxe4 Rb6 34. Rfe1 Kf7 35. Kg2 Rf5 36. h4 h5 37. g4 hxg4 38. Kg3 Rd5 39. Kxg4 g6 40. R1e3 Rdd6 41. Re5 Rd4 42. R3e4 Rd8 43. a5 Rc6 44. Rb4 Kf6 45. Rxb7 Rd3 46. Rb1 Ra3 47. Rg5 Rc2 48. Rg1 Rca2 1/2-1/2

[Event "Remote 7er 0085 email"]
[Site "Remote email"]
[Date "2011.11.24"]
[Round "?"]
[White "Paz y Barriga, Gustavo"]
[Black "Valverde Lopez, Mario"]
[Result "1-0"]
[WhiteElo "2188"]
[BlackElo "2084"]
[PlyCount "77"]
[EventDate "2011.??.??"]
[EventType "tourn (corr)"]
[EventRounds "6"]
[EventCountry "GER"]
[SourceTitle "Corr 2015"]
[Source "ChessBase"]
[SourceDate "2015.07.17"]
[SourceVersion "1"]
[SourceVersionDate "2015.07.17"]
[SourceQuality "1"]

1. e4 e5 2. Nf3 Nc6 3. Bc4 Nf6 4. Ng5 Bc5 5. Nxf7 Bxf2+ 6. Kf1 Qe7 7. Nxh8 d5 8. exd5 Nd4 9. d6 cxd6 10. Kxf2 Bg4 11. Qf1 Nxc2 12. Bf7+ Kd8 13. Nc3 Nxa1 14. d4 Nc2 15. dxe5 Qxe5 16. h3 Ke7 17. hxg4 Qd4+ 18. Kg3 Qxg4+ 19. Kh2 Rxh8 20. Bb3 Qh4+ 21. Kg1 Qd4+ 22. Qf2 Qxf2+ 23. Kxf2 Nd4 24. Ba4 h5 25. Re1+ Kf7 26. Rd1 Nf5 27. Bb3+ Kg6 28. Bc2 Ng4+ 29. Kg1 Kf6 30. Ne4+ Ke5 31. Re1 g6 32. Nc3+ Kd4 33. Re6 d5 34. Ne2+ Kc5 35. b3 b5 36. Nf4 Nd6 37. Nd3+ Kc6 38. Bf4 Rd8 39. Nb4+ 1-0

[Event "Remote 11er 0035 email"]
[Site "Remote email"]
[Date "2011.06.08"]
[Round "?"]
[White "Paz y Barriga, Gustavo"]
[Black "Richter, Wolfgang"]
[Result "1/2-1/2"]
[WhiteElo "2145"]
[BlackElo "2307"]
[PlyCount "127"]
[EventDate "2011.??.??"]
[EventType "tourn (corr)"]
[EventRounds "10"]
[EventCountry "GER"]
[SourceTitle "Corr 2015"]
[Source "ChessBase"]
[SourceDate "2015.07.17"]
[SourceVersion "1"]
[SourceVersionDate "2015.07.17"]
[SourceQuality "1"]

1. e4 e5 2. Nf3 Nc6 3. Bb5 Nf6 4. 0-0 Nxe4 5. Re1 Nd6 6. Nxe5 Be7 7. Bd3 Nxe5 8. Rxe5 0-0 9. Qf3 Bf6 10. Re2 Re8 11. Nc3 Rxe2 12. Bxe2 c6 13. b3 g6 14. Bd3 Ne8 15. Bb2 d5 16. Re1 Ng7 17. Na4 Bxb2 18. Nxb2 Qd6 19. h3 Be6 20. Qe3 b6 21. Qd4 c5 22. Qh4 Bd7 23. c3 Re8 24. Rxe8+ Bxe8 25. Bf1 Nf5 26. Qg4 Kg7 27. Nd3 d4 28. Nf4 dxc3 29. dxc3 h6 30. a3 Qe5 31. Qf3 Nd6 32. g3 Bd7 33. Qa8 Qe4 34. Qxa7 Bc6 35. Ng2 Qf3 36. Qc7 Ne4 37. Qe5+ Kh7 38. Qf4 Ng5 39. Qxf3 Nxf3+ 40. Kh1 Nd2 41. Kg1 Nxb3 42. Ne3 Kg7 43. Bg2 Be8 44. Nc4 b5 45. Nd6 Bd7 46. f4 c4 47. Kf2 Nd2 48. Ke3 Nb1 49. Kd4 Nxa3 50. Kc5 Nc2 51. Bd5 b4 52. cxb4 c3 53. Be4 Ne3 54. b5 Bxh3 55. b6 Bg2 56. b7 c2 57. Bxc2 Bxb7 58. Bb3 Bf3 59. Nxf7 Bd1 60. Bxd1 Kxf7 61. Be2 Ke6 62. Ba6 Kf6 63. Bd3 Nf5 64. g4 1/2-1/2